000 00879nam a2200253Ia 4500
003 OSt
005 20220923215327.0
006 a|||||r|||| 00| 0
007 ta
008 220922b |||||||| |||| 00| 0 hin d
024 _a177,794
037 _cTextual
040 _aARTS
_cARTS
_bhin
041 _2hin
_ahin
082 _aO152,1:gN7, N4
100 _aगर्ग, प्रतिभा
245 0 _aस्वातंत्रयोत्तर हिन्दी काव्य चेतना
246 _aSvātantrayottar hindī kāvya chetanā
260 _aकानपुर
_b अन्नपूर्णा प्रकाशन
_c1994
300 _a404 पृ.
_ccm.
650 _aहिन्दी साहित्य
_9156264
942 _hO152,1:gN7, N4
_cTEXL
_2CC
999 _c331182
_d331182